| 000 | 00668nam a2200217 a 4500 | ||
|---|---|---|---|
| 005 | 20250617063822.0 | ||
| 008 | 991125m19831990mx 000 0 spa u | ||
| 020 | _a9686052828 | ||
| 035 | _aUPN01000004982 | ||
| 049 | _aCG | ||
| 050 | 4 |
_aLC2631 _bS3.2 |
|
| 100 | 1 | _aSalinas Alvarez, Samuel | |
| 245 | 1 | 0 |
_aAulas de emergencia / _cSamuel Salinas Alvarez. |
| 260 |
_aMéxico : _bOasis, _c1983 (1990 impr.). |
||
| 300 | _a89 p. | ||
| 440 | 0 |
_aLecturas del milenio ; _v14 |
|
| 650 | 4 |
_aMaestros en servicio, Formación de _zDistrito Federal (México) _921604 |
|
| 650 | 0 |
_aEscuelas al aire libre _921821 |
|
| 650 | 4 |
_aMaestros _xÉtica profesional _9760 |
|
| 905 | _aLibro | ||
| 999 |
_c4982 _d4982 |
||